00588nam a22001937a 450000500170000001000150001702000260003202000230005803500130008103700130009408200120010710000150011924500530013425000160018726000400020327000620024330000390030550000500034420160920164305.0 aENG-116056 c450.00a9789352601882 a9352601882c450.00 aEN-99588 bDBAD/PUB a333.794 aKhan, B.H. aNon-conventional energy resources /cby B.H Khan a3rd edition aNoida bMcGraw Hill Educationc2017 aB-4, Sector - 63, Gautam Budh Nagar, bNoida (UP)e201301 axviii, 600pc22cm(pbk)bill.(maps) aIncludes Index and bibliographical references